Tham nhũng : nhận diện từ các khía cạnh pháp lý và cơ sở pháp lý mới của việc đấu tranh chống tham nhũng ở nước ta/

Spremljeno u:
Bibliografski detalji
Glavni autor: Đào Trí Úc, TS.
Format: Članak
Jezik:Vietnamese
Teme:
Oznake: Dodaj oznaku
Bez oznaka, Budi prvi tko označuje ovaj zapis!
Thư viện lưu trữ: Thư viện Trường Đại học Đà Lạt
LEADER 00818nam a2200253 4500
001 DLU090068406
005 ##20090427
040 # # |a DLU  |b vie 
041 # # |a vie 
044 # # |a vn 
100 # # |a Đào Trí Úc,  |c TS. 
245 # # |a  Tham nhũng :  |b nhận diện từ các khía cạnh pháp lý và cơ sở pháp lý mới của việc đấu tranh chống tham nhũng ở nước ta/  |c Đào Trí Úc. 
653 # # |a Chống tham nhũng 
653 # # |a Tham nhũng 
773 # # |t Nhà nước và pháp luật  |g Số 9(104), 1996, tr. 3-10 
920 # # |a Phòng Tạp chí -- Trung tâm Thông tin - Thư viện Trường Đại học Đà Lạt 
994 # # |a DLU 
900 # # |a True 
911 # # |a Trịnh Ngọc Pháp 
925 # # |a G 
926 # # |a A 
927 # # |a BB 
980 # # |a Thư viện Trường Đại học Đà Lạt